Fr. Conceicao Rodrigues College of Engineering

Introduction to Operation Research:Concepts and cases (Record no. 28577)

MARC details
000 -LEADER
fixed length control field 00401nam a2200157Ia 4500
082 ## - DEWEY DECIMAL CLASSIFICATION NUMBER
Classification number 658.4034/HIL
Item number HIL
100 ## - MAIN ENTRY--PERSONAL NAME
Personal name Hillier/Frederick S/ Lieberman/Gerald J
250 ## - EDITION STATEMENT
Edition statement 8
245 ## - TITLE STATEMENT
Title Introduction to Operation Research:Concepts and cases
260 ## - PUBLICATION, DISTRIBUTION, ETC.
Name of publisher, distributor, etc. MC Graw-Hill Pub
Place of publication, distribution, etc. New Delhi
Date of publication, distribution, etc. 2005
366 ## - TRADE AVAILABILITY INFORMATION
Publishers's discount category 15
300 ## - PHYSICAL DESCRIPTION
Extent 1061
546 ## - LANGUAGE NOTE
Language note ENGLISH
654 ## - SUBJECT ADDED ENTRY--FACETED TOPICAL TERMS
Focus term operation research
942 ## - ADDED ENTRY ELEMENTS (KOHA)
Koha item type Reference Book
Holdings
Withdrawn status Lost status Damaged status Not for loan Collection Home library Current library Shelving location Date acquired Source of acquisition Cost, normal purchase price Total Checkouts Full call number Barcode Date last seen Cost, replacement price Price effective from Koha item type
        CRC Fr. Agnel's C.Rodrigues College of Engineering Fr. Agnel's C.Rodrigues College of Engineering   17/03/2023 Nandu Book House 435.00   658.4034/HIL HIL 16588 17/03/2023 450.00   Reference Book
        CRC Fr. Agnel's C.Rodrigues College of Engineering Fr. Agnel's C.Rodrigues College of Engineering   17/03/2023 Nandu Book House 435.00   658.4034/HIL HIL 16589 17/03/2023 450.00   BOOK